Top 10 Ballon d'Or 60s - Statistics

General Stats
  • This quiz has been taken 61 times
  • The average score is 58 of 109
Answer Stats
% Correct
1960 Bobby Charlton Manchester United England
100%
1961 Bobby Charlton Manchester United England
100%
1963 Bobby Charlton Manchester United England
100%
1965 Bobby Charlton Manchester United England
100%
1966 Bobby Charlton Manchester United England
100%
1967 Bobby Charlton Manchester United England
100%
1968 Bobby Charlton Manchester United England
100%
1962 Eusébio Benfica Portugal
100%
1963 Eusébio Benfica Portugal
100%
1964 Eusébio Benfica Portugal
100%
1965 Eusébio Benfica Portugal
100%
1966 Eusébio Benfica Portugal
100%
1967 Eusébio Benfica Portugal
100%
1968 Eusébio Benfica Portugal
100%
1960 Ferenc Puskás Real Madrid Hungary
100%
1961 Ferenc Puskás Real Madrid Hungary/Spain
100%
1969 Jack Charlton Leeds United England
100%
1960 Lev Yashin Dynamo Moscow Soviet Union
100%
1961 Lev Yashin Dynamo Moscow Soviet Union
100%
1963 Lev Yashin Dynamo Moscow Soviet Union
100%
1964 Lev Yashin Dynamo Moscow Soviet Union
100%
1966 Lev Yashin Dynamo Moscow Soviet Union
100%
1960 Alfredo Di Stéfano Real Madrid Argentina/Spain
97%
1961 Alfredo Di Stéfano Real Madrid Argentina/Spain
97%
1967 George Best Manchester United Northern Ireland
94%
1968 George Best Manchester United Northern Ireland
94%
1969 George Best Manchester United Northern Ireland
94%
1967 Gerd Müller Bayern Munich West Germany
85%
1969 Gerd Müller Bayern Munich West Germany
85%
1966 Bobby Moore West Ham United England
82%
1966 Franz Beckenbauer Bayern Munich West Germany
82%
1967 Franz Beckenbauer Bayern Munich West Germany
82%
1968 Franz Beckenbauer Bayern Munich West Germany
82%
1969 Franz Beckenbauer Bayern Munich West Germany
82%
1963 Denis Law Manchester United Scotland
74%
1964 Denis Law Manchester United Scotland
74%
1960 Luis Suárez Barcelona Spain
74%
1961 Luis Suárez Barcelona/Inter Milan Spain
74%
1963 Luis Suárez Inter Milan Spain
74%
1964 Luis Suárez Inter Milan Spain
74%
1965 Luis Suárez Inter Milan Spain
74%
1969 Johan Cruyff Ajax Netherlands
65%
1960 Raymond Kopa Stade Reims France
62%
1962 Jimmy Greaves Tottenham Hotspur England
59%
1963 Jimmy Greaves Tottenham Hotspur England
59%
1964 Jimmy Greaves Tottenham Hotspur England
59%
1968 Jimmy Greaves Tottenham Hotspur England
59%
1965 Flórián Albert Ferencváros Hungary
56%
1966 Flórián Albert Ferencváros Hungary
56%
1967 Flórián Albert Ferencváros Hungary
56%
1960 Uwe Seeler Hamburger SV West Germany
56%
1961 Uwe Seeler Hamburger SV West Germany
56%
1963 Uwe Seeler Hamburger SV West Germany
56%
1962 Gianni Rivera Milan Italy
53%
1963 Gianni Rivera Milan Italy
53%
1964 Gianni Rivera Milan Italy
53%
1965 Gianni Rivera Milan Italy
53%
1968 Gianni Rivera Milan Italy
53%
1969 Gianni Rivera Milan Italy
53%
1961 Josef Masopust Dukla Prague Czechoslovakia
53%
1962 Josef Masopust Dukla Prague Czechoslovakia
53%
1960 Omar Sívori Juventus Italy
50%
1961 Omar Sívori Juventus Argentina/Italy
50%
1961 Francisco Gento Real Madrid Spain
47%
1960 John Charles Juventus Wales
47%
1961 John Charles Juventus Wales
47%
1962 John Charles Roma Wales
47%
1965 Giacinto Facchetti Inter Milan Italy
41%
1968 Giacinto Facchetti Inter Milan Italy
41%
1968 Gigi Riva Cagliari Italy
41%
1969 Gigi Riva Cagliari Italy
41%
1965 Sandro Mazzola Inter Milan Italy
32%
1967 Sandro Mazzola Inter Milan Italy
32%
1967 Jimmy Johnstone Celtic Scotland
26%
1968 Dragan Džajić Red Star Belgrade Yugoslavia
24%
1964 Paul Van Himst Anderlecht Belgium
24%
1965 Paul Van Himst Anderlecht Belgium
24%
1964 Amancio Real Madrid Spain
21%
1968 Amancio Real Madrid Spain
21%
1961 Johnny Haynes Fulham England
21%
1966 Alan Ball Blackpool/Everton England
18%
1966 José Torres Benfica Portugal
18%
1962 Karl-Heinz Schnellinger 1. FC Köln West Germany
18%
1963 Karl-Heinz Schnellinger 1. FC Köln/Mantova West Germany
18%
1967 Pirri Real Madrid Spain
15%
1968 Pirri Real Madrid Spain
15%
1969 Ove Kindvall Feyenoord Sweden
12%
1963 Giovanni Trapattoni Milan Italy
9%
1961 José Águas Benfica Portugal
9%
1969 Pierino Prati Milan Italy
9%
1960 Horst Szymaniak Karlsruher SC West Germany
6%
1961 José Santamaría Real Madrid Uruguay/Spain
6%
1964 Mario Corso Inter Milan Italy
6%
1967 Tommy Gemmell Celtic Scotland
6%
1961 Dragoslav Šekularac Red Star Belgrade Yugoslavia
3%
1962 Dragoslav Šekularac Red Star Belgrade Yugoslavia
3%
1961 Gerhard Hanappi Rapid Wien Austria
3%
1966 János Farkas Vasas Hungary
3%
1967 János Farkas Vasas Hungary
3%
1962 János Göröcs Újpest Hungary
3%
1962 Jef Jurion Anderlecht Belgium
3%
1966 Ferenc Bene Újpest Hungary
0%
1965 Georgi Asparuhov Levski Sofia Bulgaria
0%
1961 Gyula Grosics Tatabánya Hungary
0%
1967 Igor Chislenko Dynamo Moscow Soviet Union
0%
1962 Milan Galić Partizan Yugoslavia
0%
1969 Petar Zhekov CSKA Sofia Bulgaria
0%
1964 Valery Voronin Torpedo Moscow Soviet Union
0%
1965 Valery Voronin Torpedo Moscow Soviet Union
0%
No matching quizzes found
Score Distribution
Percent of People with Each Score
Percentile by Number Answered
Your Score History
You have not taken this quiz